[Event " B7 Gruppe 1 "]
[Site "Koge"]
[Date "2004.??.??"]
[Round "5"]
[White "Simonsen, Per"]
[Black "Kaarsberg, Allan"]
[Result "0-1"]
[WhiteElo "1734"]
[BlackElo "1739"]
[PlyCount "28"]
[EventDate "2004.04.08"]
[EventType "swiss"]
[EventRounds "7"]
[EventCountry "DEN"]

1. d4 Nf6 2. c4 e5 3. dxe5 Ne4 4. Qc2 d5 5. exd6 Bf5 6. Qa4+ Nc6 7. Be3 Bxd6 8.
Nd2 Bb4 9. Ngf3 O-O 10. O-O-O Qe7 11. a3 Nc3 12. Qb3 Na5 13. axb4 Nxb3+ 14.
Nxb3 Na2+ 0-1

[Event " B7 Gruppe 1 "]
[Site "Koge"]
[Date "2004.??.??"]
[Round "5"]
[White "Risager, Jakob Koba"]
[Black "Sig, Preben"]
[Result "1/2-1/2"]
[WhiteElo "1698"]
[BlackElo "1753"]
[PlyCount "69"]
[EventDate "2004.04.08"]
[EventType "swiss"]
[EventRounds "7"]
[EventCountry "DEN"]

1. e4 Nf6 2. Nc3 d6 3. d4 g6 4. h3 Bg7 5. g3 c6 6. a4 Qc7 7. Nge2 Na6 8. Bg2
O-O 9. O-O Rd8 10. g4 Nb4 11. Ng3 d5 12. e5 Ne4 13. Qe2 c5 14. Nb5 Qb6 15. c3
Nxg3 16. fxg3 a6 17. cxb4 cxb4 18. Bd2 axb5 19. Qf2 Qe6 20. Bxb4 Rxa4 21. Rxa4
bxa4 22. Qc2 Qd7 23. Qc5 Bf8 24. Ba5 e6 25. Qb6 Be7 26. Rc1 Qe8 27. Bf1 Bd7 28.
Rc7 Rc8 29. Qxb7 Rb8 30. Qa6 Ra8 31. Ra7 Rxa7 32. Qxa7 Qc8 33. Bc7 Bd8 34. Bxd8
Qxd8 35. Qc5 1/2-1/2

[Event " B7 Gruppe 1 "]
[Site "Koge"]
[Date "2004.??.??"]
[Round "6"]
[White "Moller, Arne Vagn"]
[Black "Hansen, Per"]
[Result "1-0"]
[WhiteElo "1698"]
[BlackElo "1895"]
[PlyCount "97"]
[EventDate "2004.04.08"]
[EventType "swiss"]
[EventRounds "7"]
[EventCountry "DEN"]

1. e4 c5 2. Nf3 Nc6 3. d4 cxd4 4. Nxd4 e6 5. Be2 a6 6. O-O Nge7 7. Be3 Nxd4 8.
Bxd4 Nc6 9. Be3 Qc7 10. c3 Be7 11. Nd2 d5 12. exd5 exd5 13. Nf3 Be6 14. Nd4 Ne5
15. Nxe6 fxe6 16. Bg4 Kf7 17. Bh3 Bd6 18. f4 Nd7 19. f5 e5 20. Qxd5+ Ke8 21.
Qe6+ Be7 22. Rad1 Rd8 23. Rd5 Qc6 24. Rfd1 Qxe6 25. fxe6 Nf6 26. Rxd8+ Bxd8 27.
Bc5 Be7 28. Bb6 Rf8 29. g3 Ne4 30. Bg2 Bc5+ 31. Bxc5 Nxc5 32. b4 Na4 33. Rc1
Ke7 34. Bxb7 Kxe6 35. Bxa6 e4 36. Bb5 Nb6 37. Re1 Kd6 38. a4 Nc8 39. a5 Na7 40.
Rd1+ Ke5 41. Be2 e3 42. a6 Rf7 43. b5 Nc8 44. Rf1 Rc7 45. c4 Kd4 46. Kg2 Nb6
47. Rd1+ Kc3 48. Rd3+ Kxc4 49. Rd7+ 1-0

[Event " B7 Gruppe 1 "]
[Site "Koge"]
[Date "2004.??.??"]
[Round "6"]
[White "Mott, Jens"]
[Black "Wiecker, Stefan"]
[Result "1/2-1/2"]
[WhiteElo "1861"]
[BlackElo "1560"]
[PlyCount "98"]
[EventDate "2004.04.08"]
[EventType "swiss"]
[EventRounds "7"]
[EventCountry "DEN"]

1. e4 c6 2. d4 d5 3. e5 c5 4. Bb5+ Bd7 5. Bxd7+ Qxd7 6. c3 e6 7. a3 Nc6 8. f4
cxd4 9. cxd4 Nge7 10. Nd2 Nxd4 11. Nb3 Nxb3 12. Qxb3 h5 13. Ne2 Nf5 14. Bd2 Bc5
15. O-O-O O-O-O 16. Kb1 Kb8 17. g3 Rc8 18. Rhf1 g6 19. Rf3 Nd4 20. Nxd4 Bxd4
21. Bb4 Bc5 22. Rfd3 Bxb4 23. Qxb4 Rc7 24. R3d2 Rhc8 25. Qb3 Qc6 26. Ka2 Qc4
27. Qxc4 Rxc4 28. Rd3 Rc2 29. R3d2 b5 30. Kb3 Rxd2 31. Rxd2 Kb7 32. a4 Kb6 33.
axb5 Kxb5 34. Rd1 Rc4 35. Rd2 Rb4+ 36. Kc3 Re4 37. Kd3 Kb4 38. Rc2 Rc4 39. Rf2
Kb3 40. h3 Rc1 41. g4 hxg4 42. hxg4 Rd1+ 43. Ke3 Rh1 44. Kd4 Rg1 45. Kc5 Rc1+
46. Kd6 Rc2 47. Rf3+ Kxb2 48. f5 gxf5 49. gxf5 d4 1/2-1/2

[Event " B7 Gruppe 1 "]
[Site "Koge"]
[Date "2004.??.??"]
[Round "6"]
[White "Nielsen, Ib"]
[Black "Simonsen, Per"]
[Result "0-1"]
[WhiteElo "1550"]
[BlackElo "1734"]
[PlyCount "76"]
[EventDate "2004.04.08"]
[EventType "swiss"]
[EventRounds "7"]
[EventCountry "DEN"]

1. e4 e6 2. d4 d5 3. e5 c5 4. Nf3 a6 5. a3 Nc6 6. b3 cxd4 7. Nxd4 Nxe5 8. Bb2
Qc7 9. Nd2 Nf6 10. Rc1 Bd6 11. Be2 Qe7 12. b4 b5 13. O-O Bd7 14. c3 O-O 15. f3
Rfc8 16. Nb1 Ng6 17. Kh1 Bf4 18. Nd2 Nh5 19. Rf2 Qh4 20. g3 Nxg3+ 21. Kg1 Be3
22. Qe1 Nxe2+ 23. Nxe2 Qg5+ 24. Ng3 Ne5 25. Qe2 Nc4 26. Nxc4 Rxc4 27. Rcf1 Rac8
28. Kh1 Bxf2 29. Rxf2 e5 30. Rg2 Bh3 31. Rg1 Qe7 32. Qe3 R8c6 33. f4 Rxf4 34.
Nh5 Rh4 35. Nxg7 Rg6 36. Rxg6 hxg6 37. c4 d4 38. Bxd4 Qb7+ 0-1

[Event " B7 Gruppe 1 "]
[Site "Koge"]
[Date "2004.??.??"]
[Round "6"]
[White "Kaarsberg, Allan"]
[Black "Petersen, Nils"]
[Result "1-0"]
[WhiteElo "1739"]
[BlackElo "1864"]
[PlyCount "61"]
[EventDate "2004.04.08"]
[EventType "swiss"]
[EventRounds "7"]
[EventCountry "DEN"]

1. f4 d5 2. Nf3 Nf6 3. e3 g6 4. d3 Bg7 5. Be2 O-O 6. O-O c5 7. Qe1 Nc6 8. Ne5
Qc7 9. Qg3 Nd7 10. Nf3 e5 11. f5 Nf6 12. fxg6 fxg6 13. Ng5 Qe7 14. Nc3 Be6 15.
a3 d4 16. Nb5 Rac8 17. a4 Kh8 18. e4 Bg8 19. Na3 Nd7 20. Bd2 Rxf1+ 21. Rxf1 Rf8
22. Bf3 Bf6 23. Qh4 Kg7 24. Bg4 Bxg5 25. Bxg5 Rxf1+ 26. Kxf1 Qf7+ 27. Ke2 Kf8
28. Nc4 Kg7 29. Bh6+ Kh8 30. Bxd7 g5 31. Qxg5 1-0

[Event " B7 Gruppe 1 "]
[Site "Koge"]
[Date "2004.??.??"]
[Round "6"]
[White "Jessen, Ernst J"]
[Black "Bojsen, Bent"]
[Result "0-1"]
[WhiteElo "1566"]
[BlackElo "1644"]
[PlyCount "58"]
[EventDate "2004.04.08"]
[EventType "swiss"]
[EventRounds "7"]
[EventCountry "DEN"]

1. e4 c5 2. b3 d6 3. Bb2 Nf6 4. d3 Nc6 5. Nf3 g6 6. Nbd2 Bg7 7. g3 O-O 8. Bg2
Bg4 9. O-O Qd7 10. Nc4 Rfd8 11. Ne3 Bh3 12. a3 Bxg2 13. Nxg2 e6 14. Bxf6 Bxf6
15. Rb1 a5 16. a4 Bc3 17. Nf4 Rac8 18. Ne2 Bf6 19. Nf4 Nb4 20. Qe2 b5 21. axb5
Qxb5 22. c4 Qb8 23. Rfd1 Nc6 24. Qf1 Rd7 25. Qh3 Rb7 26. Qg4 Ne5 27. Nxe5 Bxe5
28. Ng2 Rxb3 29. Rxb3 Qxb3 0-1

[Event " B7 Gruppe 1 "]
[Site "Koge"]
[Date "2004.??.??"]
[Round "6"]
[White "Sandbech, Ted"]
[Black "Larsen, Peder Lehmann"]
[Result "0-1"]
[WhiteElo "1620"]
[BlackElo "1880"]
[PlyCount "60"]
[EventDate "2004.04.08"]
[EventType "swiss"]
[EventRounds "7"]
[EventCountry "DEN"]

1. Nf3 f5 2. d4 Nf6 3. c4 e6 4. Nc3 d6 5. e3 Be7 6. Be2 O-O 7. O-O Qe8 8. Nb5
Na6 9. a3 Ne4 10. Nd2 Nxd2 11. Bxd2 c6 12. Nc3 e5 13. dxe5 dxe5 14. f4 e4 15.
Bh5 g6 16. Be2 Be6 17. b4 Rd8 18. Qc2 Qf7 19. c5 Bb3 20. Qb2 Bf6 21. Rab1 Bc4
22. Bxc4 Qxc4 23. Be1 Rd3 24. Rc1 Rxe3 25. Bd2 Rd3 26. Nb1 Bd4+ 27. Kh1 Bxb2
28. Rxc4 e3 29. Bc3 e2 30. Rg1 Rd1 0-1

[Event " B7 Gruppe 1 "]
[Site "Koge"]
[Date "2004.??.??"]
[Round "6"]
[White "Asmund, Erik"]
[Black "Pedersen, Lars Wisler"]
[Result "1-0"]
[WhiteElo "1563"]
[BlackElo "1669"]
[PlyCount "51"]
[EventDate "2004.04.08"]
[EventType "swiss"]
[EventRounds "7"]
[EventCountry "DEN"]

1. e4 c5 2. Nf3 Nc6 3. b3 e5 4. Bb2 d6 5. Be2 Be7 6. d3 Nf6 7. h3 O-O 8. O-O
Ne8 9. Nh2 f5 10. f4 fxe4 11. fxe5 exd3 12. Rxf8+ Bxf8 13. Qxd3 Nb4 14. Qd2 Bf5
15. Bc4+ Kh8 16. a3 Nxc2 17. Qd5 Be6 18. Qxe6 d5 19. Bxd5 Qxd5 20. Qxd5 Nxa1
21. Bxa1 Nc7 22. Qxb7 Rd8 23. Qxc7 Rd1+ 24. Nf1 Kg8 25. e6 Rxb1 26. Qf7+ 1-0

[Event " B7 Gruppe 1 "]
[Site "Koge"]
[Date "2004.??.??"]
[Round "6"]
[White "Haagen Larsen, Hans"]
[Black "Sig, Preben"]
[Result "0-1"]
[WhiteElo "1601"]
[BlackElo "1753"]
[PlyCount "74"]
[EventDate "2004.04.08"]
[EventType "swiss"]
[EventRounds "7"]
[EventCountry "DEN"]

1. d4 d5 2. Bf4 Bf5 3. Nf3 Nf6 4. e3 e6 5. h3 Bd6 6. Ne5 Ne4 7. g4 Qh4 8. Qe2
Bxe5 9. Bxe5 Bxg4 10. hxg4 Qxh1 11. Qb5+ Nd7 12. Nd2 O-O-O 13. Nxe4 Qxe4 14.
Bf4 e5 15. dxe5 Nxe5 16. O-O-O Nc6 17. Bd3 Qb4 18. Bf5+ Kb8 19. Qe2 Rhe8 20.
Qf3 Ne5 21. Qg3 f6 22. c3 Qb6 23. Bc2 Nc4 24. Bb3 g5 25. Rh1 gxf4 26. Qxf4 a5
27. Rxh7 a4 28. Bxc4 dxc4 29. Qxc4 Qd6 30. Qe2 a3 31. b3 Rh8 32. Rxh8 Rxh8 33.
b4 Rh1+ 34. Kc2 Qd5 35. c4 Qe5 36. Kb3 Rb1+ 37. Kxa3 Qc3+ 0-1

[Event " B7 Gruppe 1 "]
[Site "Koge"]
[Date "2004.??.??"]
[Round "6"]
[White "Andersen, Martin Steen"]
[Black "Rosenberg, Jan"]
[Result "0-1"]
[WhiteElo "1606"]
[BlackElo "1701"]
[PlyCount "42"]
[EventDate "2004.04.08"]
[EventType "swiss"]
[EventRounds "7"]
[EventCountry "DEN"]

1. e4 d5 2. exd5 Nf6 3. d4 Qxd5 4. Nc3 Qa5 5. Bc4 c6 6. Nf3 Bg4 7. Bd2 e6 8.
Qe2 Bb4 9. O-O-O Nbd7 10. d5 cxd5 11. Bb3 O-O 12. Na4 Bxd2+ 13. Rxd2 Ne4 14.
Rd4 b5 15. h3 Bh5 16. Bxd5 exd5 17. Rxd5 Qxa4 18. Rxh5 Ndf6 19. Rh4 Qxa2 20. c3
Nxc3 21. Qc2 Nce4 0-1

[Event " B7 Gruppe 1 "]
[Site "Koge"]
[Date "2004.??.??"]
[Round "6"]
[White "Sonderby, Anders"]
[Black "Risager, Jakob Koba"]
[Result "1-0"]
[WhiteElo "1758"]
[BlackElo "1698"]
[PlyCount "82"]
[EventDate "2004.04.08"]
[EventType "swiss"]
[EventRounds "7"]
[EventCountry "DEN"]

1. d4 Nf6 2. Nf3 e6 3. c4 b6 4. g3 Ba6 5. b3 Bb4+ 6. Bd2 Be7 7. Nc3 c6 8. e4 d6
9. e5 dxe5 10. dxe5 Nfd7 11. Qe2 Qc7 12. Bg2 c5 13. O-O Nc6 14. Nb5 Bxb5 15.
cxb5 Nb4 16. Bxb4 cxb4 17. Rac1 Bc5 18. Nd4 Rc8 19. Nc6 Nb8 20. Nxb4 O-O 21.
Rc4 Qe7 22. Rfc1 Qd7 23. Nc6 Nxc6 24. bxc6 Qc7 25. b4 Be7 26. Rd1 Rfd8 27. Rcd4
Rxd4 28. Rxd4 Rd8 29. Qd3 Rxd4 30. Qxd4 f6 31. exf6 Bxf6 32. Qc4 Kf7 33. Bh3
Kf8 34. Bxe6 h6 35. Bd7 Bd8 36. Qe6 g5 37. Qxh6+ Ke7 38. Qxg5+ Kf7 39. Qd5+ Kg7
40. Bg4 Kg6 41. Qe6+ Kg7 1-0

[Event " B7 Gruppe 1 "]
[Site "Koge"]
[Date "2004.??.??"]
[Round "7"]
[White "Jessen, Ernst J"]
[Black "Pedersen, Lars Wisler"]
[Result "0-1"]
[WhiteElo "1566"]
[BlackElo "1669"]
[PlyCount "54"]
[EventDate "2004.04.08"]
[EventType "swiss"]
[EventRounds "7"]
[EventCountry "DEN"]

1. e4 c5 2. Bc4 e6 3. a3 d5 4. exd5 exd5 5. Be2 Nc6 6. Nf3 Nf6 7. d3 Be7 8. Bf4
O-O 9. h3 Bd6 10. Bxd6 Qxd6 11. O-O Nh5 12. Nh2 Nf4 13. Bf3 Qg6 14. Kh1 Nd4 15.
Nc3 Be6 16. Rc1 Rfe8 17. Qd2 Nxf3 18. Qxf4 Nxh2 19. Kxh2 Re7 20. Rfe1 Rae8 21.
Re2 f5 22. Rce1 d4 23. Nb5 Bd5 24. g3 Rxe2 25. Rxe2 Rxe2 26. Qb8+ Qe8 27. Qd6
Rxf2+ 0-1

[Event " B7 Gruppe 1 "]
[Site "Koge"]
[Date "2004.??.??"]
[Round "7"]
[White "Sandbech, Ted"]
[Black "Petersen, Nils"]
[Result "0-1"]
[WhiteElo "1620"]
[BlackElo "1864"]
[PlyCount "52"]
[EventDate "2004.04.08"]
[EventType "swiss"]
[EventRounds "7"]
[EventCountry "DEN"]

1. Nf3 Nf6 2. d4 e6 3. c4 b6 4. Nc3 Bb4 5. Bd2 Bb7 6. e3 O-O 7. Be2 c5 8. O-O
cxd4 9. exd4 d5 10. Bg5 dxc4 11. Bxc4 Nbd7 12. Qe2 Bxc3 13. bxc3 Qc7 14. Ne5
Nxe5 15. Bxf6 Nxc4 16. Qg4 g6 17. Qg5 Nd6 18. Qh6 Ne8 19. Be5 Qc6 20. f3 f6 21.
Bg3 Ng7 22. Qd2 Rac8 23. Rac1 Qd5 24. Rc2 Nf5 25. Bf2 e5 26. Rd1 Rfd8 0-1

[Event " B7 Gruppe 1 "]
[Site "Koge"]
[Date "2004.??.??"]
[Round "7"]
[White "Hansen, Per"]
[Black "Haagen Larsen, Hans"]
[Result "1-0"]
[WhiteElo "1895"]
[BlackElo "1601"]
[PlyCount "161"]
[EventDate "2004.04.08"]
[EventType "swiss"]
[EventRounds "7"]
[EventCountry "DEN"]

1. e4 e6 2. d3 d5 3. Nd2 c5 4. Ngf3 Nc6 5. g3 Bd6 6. Bg2 Nge7 7. O-O b5 8. Re1
O-O 9. a4 b4 10. b3 f6 11. Nf1 d4 12. h4 a5 13. N1h2 Qe8 14. Nd2 e5 15. Nc4 Bc7
16. f4 Qg6 17. Qf3 h5 18. f5 Qh7 19. Kf2 g6 20. g4 hxg4 21. Qxg4 Kh8 22. Bf3
gxf5 23. exf5 Bxf5 24. Qh5 Rf7 25. Qxh7+ Rxh7 26. h5 Rg8 27. Nd2 Nd8 28. Ne4
Bxe4 29. dxe4 f5 30. Bd2 fxe4 31. Rxe4 Nd5 32. Rh1 Rf7 33. Ng4 Nf6 34. Nxf6
Rxf6 35. Ke2 Ne6 36. Rhh4 Rgf8 37. Rh3 Rg8 38. Kd3 Rgf8 39. Be2 Rf2 40. Rg3 Rh2
41. Rg6 Nf4+ 42. Bxf4 Rxf4 43. Rxf4 exf4 44. Bf3 Rf2 45. Ke4 Rxc2 46. Rc6 c4
47. bxc4 Rc3 48. Rxc7 b3 49. h6 b2 50. Rb7 Rxc4 51. Rxb2 Rxa4 52. Kxf4 Kh7 53.
Kg5 Rb4 54. Be4+ Kh8 55. Rc2 Rb5+ 56. Bf5 Rb8 57. Kg6 Rb6+ 58. Kf7 Rb7+ 59. Kg6
Rb6+ 60. Kg5 Rb8 61. Rc7 Rg8+ 62. Bg6 Rd8 63. Bd3 Rg8+ 64. Kh4 Rd8 65. Ra7 Rf8
66. Rxa5 Rd8 67. Kg5 Rg8+ 68. Kf6 Rb8 69. Ra7 Rb6+ 70. Kf7 Rb8 71. Rd7 Ra8 72.
Rxd4 Ra7+ 73. Kg6 Ra8 74. Bc4 Rb8 75. Rf4 Rb6+ 76. Kh5 Rb8 77. Rg4 Rc8 78. Be6
Rb8 79. Rg7 Rb6 80. Re7 Rb8 81. Kg6 1-0

[Event " B7 Gruppe 1 "]
[Site "Koge"]
[Date "2004.??.??"]
[Round "7"]
[White "Pedersen, Jan 1"]
[Black "Moller, Arne Vagn"]
[Result "0-1"]
[WhiteElo "1701"]
[BlackElo "1698"]
[PlyCount "98"]
[EventDate "2004.04.08"]
[EventType "swiss"]
[EventRounds "7"]
[EventCountry "DEN"]

1. e4 c5 2. Nf3 d6 3. d4 cxd4 4. Nxd4 Nf6 5. Nc3 a6 6. Be2 Nc6 7. O-O g6 8. a4
Bg7 9. Be3 O-O 10. Bf3 Nd7 11. Nd5 e6 12. Nc3 Nde5 13. Be2 Nxd4 14. Bxd4 Nc6
15. Bxg7 Kxg7 16. Qd2 Qc7 17. Rfd1 Rd8 18. Qf4 Ne5 19. g4 f6 20. h4 b6 21. Rd2
Ra7 22. Ra3 Nc6 23. Qe3 Ne5 24. b4 Bd7 25. f4 Nf7 26. g5 fxg5 27. hxg5 Rf8 28.
f5 Ne5 29. f6+ Kf7 30. Qh3 Kg8 31. Qh6 Rf7 32. Nd1 Nc4 33. Rc3 b5 34. Bxc4 Qb6+
35. Kf1 bxc4 36. Rxc4 Rc7 37. Rcd4 e5 38. Rxd6 Qxb4 39. Nf2 Qxa4 40. Qh4 Rxc2
41. Ng4 Qc4+ 42. Kg1 Rxd2 43. Nh6+ Kf8 44. Rxd2 Qc1+ 45. Kf2 Qxd2+ 46. Kg1 Qc1+
47. Kg2 Qf4 48. Qxf4 exf4 49. e5 a5 0-1

[Event " B7 Gruppe 1 "]
[Site "Koge"]
[Date "2004.??.??"]
[Round "7"]
[White "Bojsen, Bent"]
[Black "Andersen, Martin Steen"]
[Result "1/2-1/2"]
[WhiteElo "1644"]
[BlackElo "1606"]
[PlyCount "105"]
[EventDate "2004.04.08"]
[EventType "swiss"]
[EventRounds "7"]
[EventCountry "DEN"]

1. Nc3 e6 2. e4 d5 3. d4 Bb4 4. e5 c5 5. a3 Bxc3+ 6. bxc3 Ne7 7. Nf3 Nbc6 8.
Rb1 Qc7 9. Be2 Nf5 10. O-O O-O 11. Re1 cxd4 12. cxd4 Qa5 13. Bb5 Ncxd4 14. Nxd4
Nxd4 15. Bd2 Qc7 16. Bb4 Nxb5 17. Bxf8 Nc3 18. Bd6 Qd8 19. Qg4 Nxb1 20. Rxb1 b6
21. Rb3 f5 22. Qh5 Ba6 23. Rh3 h6 24. Rg3 Kh8 25. Qf7 Qg8 26. Qd7 Bc4 27. a4 a6
28. Rg6 Re8 29. h4 b5 30. Rxg7 Qxg7 31. Qxe8+ Qg8 32. Qh5 Kh7 33. axb5 axb5 34.
Kh2 Qg6 35. Qxg6+ Kxg6 36. Kg3 Kh5 37. f4 Be2 38. c3 Kg6 39. Bc5 Kf7 40. Kf2
Bg4 41. Ke1 Ke8 42. Kd2 Kd7 43. Ke3 Ke8 44. Kf2 Bd1 45. Bb4 Kf7 46. Bc5 Kg6 47.
Ke1 Bc2 48. Kf2 Kh5 49. g3 Kg6 50. Bb4 Kf7 51. Bc5 Ke8 52. Ke3 h5 53. Kd4
1/2-1/2

[Event " B7 Gruppe 1 "]
[Site "Koge"]
[Date "2004.??.??"]
[Round "7"]
[White "Rosenberg, Jan"]
[Black "Risager, Jakob Koba"]
[Result "1-0"]
[WhiteElo "1792"]
[BlackElo "1698"]
[PlyCount "81"]
[EventDate "2004.04.08"]
[EventType "swiss"]
[EventRounds "7"]
[EventCountry "DEN"]

1. d4 Nf6 2. Nf3 d5 3. Bf4 c5 4. e3 e6 5. c3 Nc6 6. Nbd2 Bd6 7. Bg3 Bxg3 8.
hxg3 Qd6 9. Bd3 e5 10. dxe5 Nxe5 11. Nxe5 Qxe5 12. Nf3 Qe7 13. Bb5+ Bd7 14.
Bxd7+ Qxd7 15. Rh4 O-O 16. Qd3 Rad8 17. O-O-O Rfe8 18. Rdh1 g6 19. Ng5 h5 20.
Rf4 Qe7 21. Qc2 d4 22. exd4 Nd5 23. Nxf7 Nxf4 24. Nxd8 Ne2+ 25. Kd1 Nxd4 26.
Qxg6+ Kh8 27. Qh6+ Kg8 28. Qg6+ Kf8 29. cxd4 Rxd8 30. Qf5+ Kg8 31. Qg6+ Kf8 32.
Qh6+ Kg8 33. Qg6+ Kf8 34. Kc1 Rxd4 35. Qxh5 Rc4+ 36. Kb1 Qe4+ 37. Ka1 Qxg2 38.
Qh8+ Ke7 39. Re1+ Re4 40. Qh7+ Kd6 41. Qxe4 1-0

[Event " B7 Gruppe 1 "]
[Site "Koge"]
[Date "2004.??.??"]
[Round "7"]
[White "Kaarsberg, Allan"]
[Black "Sonderby, Anders"]
[Result "0-1"]
[WhiteElo "1739"]
[BlackElo "1758"]
[PlyCount "62"]
[EventDate "2004.04.08"]
[EventType "swiss"]
[EventRounds "7"]
[EventCountry "DEN"]

1. d4 d5 2. c4 e6 3. Nc3 Nf6 4. Nf3 c6 5. c5 Nbd7 6. Qc2 Qc7 7. Bg5 Be7 8. e4
dxe4 9. Nxe4 O-O 10. b4 Re8 11. Bd3 h6 12. h4 Nxe4 13. Bxe4 e5 14. d5 cxd5 15.
Bxd5 Nf6 16. Bb3 e4 17. O-O-O a5 18. Nd4 axb4 19. Kb1 Qxc5 20. Bc4 b6 21. Be3
Qe5 22. Nb5 Bc5 23. Rhe1 Be6 24. f4 exf3 25. Bxh6 Bf5 26. Bd3 Bxd3 27. Qxd3
Qxe1 28. Rxe1 Rxe1+ 29. Kb2 fxg2 30. Bxg7 g1=Q 31. Bxf6 Qf2+ 0-1

[Event " B7 Gruppe 1 "]
[Site "Koge"]
[Date "2004.??.??"]
[Round "7"]
[White "Sig, Preben"]
[Black "Larsen, Peder Lehmann"]
[Result "1/2-1/2"]
[WhiteElo "1753"]
[BlackElo "1880"]
[PlyCount "68"]
[EventDate "2004.04.08"]
[EventType "swiss"]
[EventRounds "7"]
[EventCountry "DEN"]

1. e4 Nc6 2. Bc4 e6 3. d4 d5 4. exd5 exd5 5. Bb5 a6 6. Bxc6+ bxc6 7. Ne2 Bd6 8.
O-O Ne7 9. Bf4 Ng6 10. Bxd6 Qxd6 11. Re1 O-O 12. c3 Nh4 13. Ng3 f5 14. Qh5 Qf6
15. f4 c5 16. dxc5 d4 17. Qe2 dxc3 18. Nxc3 Bb7 19. Qe6+ Qxe6 20. Rxe6 Bxg2 21.
Re7 c6 22. Rae1 Rad8 23. Nh5 Rd2 24. R1e2 Rxe2 25. Nxe2 g6 26. Nhg3 Rb8 27. b3
Rb5 28. Nd4 Rxc5 29. Nge2 Bd5 30. Kf2 h6 31. Re5 Kf7 32. Nxc6 Rxc6 33. Rxd5 Rc2
34. Ra5 Rc6 1/2-1/2

[Event " B7 Gruppe 1 "]
[Site "Koge"]
[Date "2004.??.??"]
[Round "7"]
[White "Simonsen, Per"]
[Black "Wiecker, Stefan"]
[Result "1-0"]
[WhiteElo "1734"]
[BlackElo "1560"]
[PlyCount "35"]
[EventDate "2004.04.08"]
[EventType "swiss"]
[EventRounds "7"]
[EventCountry "DEN"]

1. d4 Nf6 2. c4 e6 3. Nc3 Bb4 4. Bg5 d5 5. e3 Nbd7 6. a3 Be7 7. Nf3 c6 8. Qc2
O-O 9. Bd3 h6 10. h4 a6 11. O-O-O b5 12. c5 e5 13. dxe5 Ng4 14. Bf4 Nxc5 15.
Nd4 Nxd3+ 16. Rxd3 c5 17. Nc6 Nxf2 18. Qxf2 1-0

[Event " B7 Gruppe 1 "]
[Site "Koge"]
[Date "2004.??.??"]
[Round "7"]
[White "Korsholm, Asbjorn"]
[Black "Asmund, Erik"]
[Result "1/2-1/2"]
[WhiteElo "1556"]
[BlackElo "1563"]
[PlyCount "121"]
[EventDate "2004.04.08"]
[EventType "swiss"]
[EventRounds "7"]
[EventCountry "DEN"]

1. e4 c5 2. Nf3 Nc6 3. d4 cxd4 4. Nxd4 g6 5. Nc3 Bg7 6. Be3 a6 7. Qd2 Nf6 8. f3
O-O 9. O-O-O d6 10. h4 Nh5 11. g4 Ng3 12. Rh3 Nxf1 13. Rxf1 Nxd4 14. Bxd4 Bxd4
15. Qxd4 e5 16. Qd2 Be6 17. h5 g5 18. Rd1 Qe7 19. Qxd6 Qxd6 20. Rxd6 h6 21. Rh2
Rfd8 22. Rhd2 Rxd6 23. Rxd6 Kf8 24. Nd5 Rc8 25. Rb6 Bxd5 26. exd5 Rc5 27. Rxh6
Rxd5 28. Rb6 Rd7 29. a3 Kg7 30. Rb3 Re7 31. Re3 f5 32. Kd2 Kf6 33. c4 Rd7+ 34.
Rd3 Rc7 35. Rd6+ Kf7 36. b3 fxg4 37. fxg4 Re7 38. Rg6 Rd7+ 39. Ke2 e4 40. Rxg5
Rd3 41. Rf5+ Kg7 42. Re5 Rxb3 43. Rxe4 Rxa3 44. Re7+ Kh6 45. Rxb7 a5 46. Rb6+
Kg5 47. Rg6+ Kf4 48. h6 a4 49. h7 Rh3 50. Ra6 Rxh7 51. Rxa4 Kxg4 52. Ra5 Kf4
53. Kd3 Rd7+ 54. Kc3 Ke4 55. Rh5 Ra7 56. c5 Ra1 57. Kc4 Ra8 58. c6 Ra1 59. Kc5
Ra5+ 60. Kb6 Rxh5 61. c7 1/2-1/2